[Event "Heusenstamm Sparkassen op-A 5th"]
[Site "Heusenstamm"]
[Date "2018.11.23"]
[Round "3"]
[White "Seickel, Ralf"]
[Black "Ochs, Daniel Elias"]
[Result "1-0"]
[WhiteElo "2044"]
[BlackElo "1884"]
[PlyCount "107"]
[EventDate "2018.11.22"]
[EventType "swiss"]
[EventRounds "7"]
[EventCountry "GER"]
[SourceTitle "CBM 188 Extra"]
[Source "ChessBase"]
[SourceDate "2019.02.26"]
[SourceVersion "1"]
[SourceVersionDate "2019.02.26"]
[SourceQuality "1"]

1. c4 e5 2. g3 Nf6 3. Bg2 Bc5 4. Nc3 Nc6 5. d3 h6 6. Nf3 0-0 7. 0-0 d6 8. e3 Bb6 9. a3 a5 10. Rb1 Bf5 11. b4 axb4 12. axb4 Qd7 13. b5 Nd8 14. Na4 Bc5 15. Nxe5 dxe5 16. Nxc5 Qd6 17. Ne4 Nxe4 18. Bxe4 Bxe4 19. dxe4 Qxd1 20. Rxd1 Ne6 21. Bb2 f6 22. f4 Ra2 23. Rd7 b6 24. Re7 Nc5 25. fxe5 fxe5 26. Bxe5 Rff2 27. Rxg7+ Kf8 28. Rf1 Rxf1+ 29. Kxf1 Nxe4 30. Bd4 Nd2+ 31. Ke2 Nxc4+ 32. Kd3 Nd6 33. Rxc7 Nxb5 34. Rc6 Nxd4 35. Kxd4 Rxh2 36. Rxb6 Rg2 37. Rg6 h5 38. Rg5 Kf7 39. Ke4 Kf6 40. Kf3 Rh2 41. Ra5 Rh1 42. Ke4 Rg1 43. Rxh5 Rxg3 44. Kf4 Rg1 45. Rh6+ Ke7 46. Kf5 Rf1+ 47. Ke5 Ra1 48. Rh7+ Ke8 49. e4 Ra5+ 50. Kf4 Ra4 51. Kf5 Ra1 52. e5 Rf1+ 53. Ke6 Rf8 54. Ra7 1-0

[Event "Wiesbaden op 29th"]
[Site "Wiesbaden"]
[Date "2017.08.27"]
[Round "7"]
[White "Kleehammer, Otto"]
[Black "Seickel, Ralf"]
[Result "1-0"]
[WhiteElo "1911"]
[BlackElo "2047"]
[PlyCount "61"]
[EventDate "2017.08.24"]
[EventType "swiss"]
[EventRounds "7"]
[EventCountry "GER"]
[SourceTitle "CBM 180 Extra"]
[Source "ChessBase"]
[SourceDate "2017.10.06"]
[SourceVersion "1"]
[SourceVersionDate "2017.10.06"]
[SourceQuality "1"]

1. e4 c5 2. Nc3 d6 3. f4 g6 4. Nf3 Bg7 5. Bc4 Nc6 6. a3 e6 7. 0-0 Nge7 8. Ba2 0-0 9. d3 Rb8 10. Qe1 Nd4 11. Nxd4 Bxd4+ 12. Be3 Bg7 13. Rb1 b5 14. Ne2 f5 15. Ng3 Qc7 16. Bd2 d5 17. Bc3 d4 18. Ba5 Qd6 19. b4 Kh8 20. bxc5 Qxc5 21. Bb4 Qc7 22. exf5 gxf5 23. Nh5 Re8 24. Nxg7 Kxg7 25. c3 a5 26. Bxa5 Qxa5 27. Qe5+ Kf7 28. Qxb8 Qxa3 29. Bb3 Qc5 30. c4 bxc4 31. Bxc4 1-0

[Event "Heusenstamm Sparkassen op-A 3rd"]
[Site "Heusenstamm"]
[Date "2016.11.27"]
[Round "5"]
[White "Seickel, Ralf"]
[Black "Budzyn, Matthias"]
[Result "0-1"]
[WhiteElo "2047"]
[BlackElo "2166"]
[PlyCount "106"]
[EventDate "2016.11.24"]
[EventType "swiss"]
[EventRounds "7"]
[EventCountry "GER"]
[SourceTitle "EXT 2018"]
[Source "ChessBase"]
[SourceDate "2017.10.13"]
[SourceVersion "1"]
[SourceVersionDate "2017.10.13"]
[SourceQuality "1"]

1. e4 e5 2. Nf3 Nc6 3. Bb5 a6 4. Ba4 Nf6 5. 0-0 Be7 6. Re1 b5 7. Bb3 d6 8. c3 0-0 9. h3 Na5 10. Bc2 c5 11. d4 Qc7 12. Nbd2 Bd7 13. Nf1 Nc4 14. b3 Nb6 15. Bg5 a5 16. Ng3 g6 17. Nh4 Rfc8 18. Qf3 Kg7 19. Qe3 cxd4 20. cxd4 exd4 21. Qxd4 Qc5 22. Qxc5 Rxc5 23. Be3 Rxc2 24. Bxb6 a4 25. Nf3 d5 26. e5 Ne4 27. Bd4 Be6 28. Nxe4 dxe4 29. Rxe4 axb3 30. axb3 Rxa1+ 31. Bxa1 Rc1+ 32. Re1 Rxe1+ 33. Nxe1 Bxb3 34. e6+ f6 35. g4 Bxe6 36. Kg2 Bd5+ 37. f3 Kf7 38. Nd3 Bc4 39. Nf2 b4 40. f4 Bd6 41. Kf3 b3 42. Bb2 Ke6 43. Nd1 Bd5+ 44. Ke3 Bg2 45. h4 Bh3 46. Kf3 f5 47. gxf5+ Bxf5 48. Ne3 h5 49. Nc4 Be7 50. Kg3 Kd5 51. Nd2 Bc2 52. Nf3 Ke4 53. Ng5+ Bxg5 0-1

[Event "Wiesbaden op 27th"]
[Site "Wiesbaden"]
[Date "2015.08.28"]
[Round "2"]
[White "Seickel, Ralf"]
[Black "Kirchner, Markus"]
[Result "1-0"]
[WhiteElo "2046"]
[BlackElo "1633"]
[PlyCount "125"]
[EventDate "2015.08.27"]
[EventType "swiss"]
[EventRounds "7"]
[EventCountry "GER"]
[SourceTitle "EXT 2016"]
[Source "ChessBase"]
[SourceDate "2015.10.08"]
[SourceVersion "1"]
[SourceVersionDate "2015.10.08"]
[SourceQuality "1"]

1. Nf3 Nf6 2. d4 d6 3. c4 Nbd7 4. Nc3 g6 5. e4 e5 6. Be2 Bg7 7. 0-0 0-0 8. d5 Nc5 9. Qc2 a5 10. Bg5 Bd7 11. b3 b6 12. Nd2 h6 13. Be3 Kh7 14. a3 Qe7 15. b4 Nb7 16. Nb5 Rac8 17. Rfc1 Bg4 18. f3 Bd7 19. c5 bxc5 20. bxc5 Bxb5 21. Bxb5 dxc5 22. Bc6 Nd6 23. Qxc5 Nh5 24. Bb7 Rb8 25. Ba6 Ra8 26. Bf1 Rfc8 27. a4 Qd8 28. Nc4 Bf8 29. Qc6 Nxc4 30. Rxc4 Bd6 31. Rb1 Qe8 32. Qxe8 Rxe8 33. Bc5 Bxc5+ 34. Rxc5 Ra7 35. Bb5 Rb8 36. Rbc1 Rbb7 37. Bc6 Rb8 38. Bd7 Rd8 39. Bh3 Nf4 40. Rxc7 Ra6 41. Rxf7+ Kg8 42. Re7 Ne2+ 43. Kf2 Nxc1 44. Be6+ Kh8 45. Ke3 Nb3 46. f4 Nc5 47. Bh3 exf4+ 48. Kd4 Nxa4 49. e5 Nb6 50. d6 Nd7 51. Bxd7 a4 52. Be6 a3 53. Ba2 Raxd6+ 54. exd6 Rxd6+ 55. Kc3 Rf6 56. Rf7 Rc6+ 57. Kb3 g5 58. Kxa3 Rc2 59. Bd5 Rf2 60. h3 Rd2 61. Bf3 h5 62. Rf5 Kg7 63. Rxg5+ 1-0

[Event "Heusenstamm Schloss op 1st"]
[Site "Heusenstamm"]
[Date "2014.11.21"]
[Round "3"]
[White "Seickel, Ralf"]
[Black "Budde, Michael"]
[Result "1-0"]
[WhiteElo "2054"]
[BlackElo "1876"]
[PlyCount "57"]
[EventDate "2014.11.20"]
[EventType "swiss"]
[EventRounds "7"]
[EventCountry "GER"]
[SourceTitle "CBM 163 Extra"]
[Source "ChessBase"]
[SourceDate "2014.12.23"]
[SourceVersion "1"]
[SourceVersionDate "2014.12.23"]
[SourceQuality "1"]

1. d4 Nf6 2. Nf3 d5 3. g3 Bf5 4. c4 e6 5. Bg2 Bb4+ 6. Nbd2 0-0 7. 0-0 c6 8. Qb3 Qe7 9. Nb1 b6 10. Bg5 Bd6 11. Nh4 Bg4 12. f3 Bh5 13. e4 dxc4 14. Qxc4 h6 15. Bxf6 gxf6 16. Nc3 Qc7 17. f4 b5 18. Qd3 Be7 19. g4 Bg6 20. f5 Bh7 21. Qd2 Kg7 22. Rf3 Bd6 23. e5 fxe5 24. f6+ Kh8 25. Qxh6 Rg8 26. Rh3 Rxg4 27. Ng6+ fxg6 28. dxe5 Bf8 29. Qxf8# 1-0

[Event "Wiesbaden op 26th"]
[Site "Wiesbaden"]
[Date "2014.08.31"]
[Round "6"]
[White "Seickel, Ralf"]
[Black "Hahn, Markus"]
[Result "0-1"]
[WhiteElo "2073"]
[BlackElo "2221"]
[PlyCount "94"]
[EventDate "2014.08.28"]
[EventType "swiss"]
[EventRounds "7"]
[EventCountry "GER"]
[SourceTitle "CBM 162 Extra"]
[Source "ChessBase"]
[SourceDate "2014.10.17"]
[SourceVersion "1"]
[SourceVersionDate "2014.10.17"]
[SourceQuality "1"]

1. e4 c5 2. Nf3 e6 3. d4 cxd4 4. Nxd4 a6 5. c4 Nf6 6. Nc3 Qc7 7. Be3 Bb4 8. Qd3 Qe5 9. f3 d5 10. exd5 exd5 11. Kf2 0-0 12. Nc2 Bf5 13. Qd4 Bxc3 14. bxc3 Nc6 15. Qxe5 Nxe5 16. Nd4 Bd3 17. cxd5 Nxd5 18. Bd2 Rac8 19. f4 Nc4 20. Bxd3 Nxd2 21. Rad1 Nc4 22. g3 Nxc3 23. Rc1 Nd6 24. Rc2 Nd5 25. Nf5 Rxc2+ 26. Bxc2 Rc8 27. Bb1 Nxf5 28. Bxf5 Rc5 29. Rd1 Kf8 30. Kf3 b5 31. Be4 Nc3 32. Rd6 Nxe4 33. Kxe4 Rc4+ 34. Kd5 Ra4 35. Kc6 Rxa2 36. Rd8+ Ke7 37. Rd7+ Kf6 38. Rd6+ Kf5 39. Rd5+ Kg6 40. Kb6 f6 41. f5+ Kh6 42. Rd4 g6 43. Rh4+ Kg7 44. g4 Ra3 45. Kc5 g5 46. Rh5 h6 47. h4 Rh3 0-1

[Event "Wiesbaden op 26th"]
[Site "Wiesbaden"]
[Date "2014.08.30"]
[Round "4"]
[White "Seickel, Ralf"]
[Black "Kiese, Matthias"]
[Result "0-1"]
[WhiteElo "2073"]
[BlackElo "2202"]
[PlyCount "72"]
[EventDate "2014.08.28"]
[EventType "swiss"]
[EventRounds "7"]
[EventCountry "GER"]
[SourceTitle "CBM 162 Extra"]
[Source "ChessBase"]
[SourceDate "2014.10.17"]
[SourceVersion "1"]
[SourceVersionDate "2014.10.17"]
[SourceQuality "1"]

1. e4 c5 2. Nf3 d6 3. d4 cxd4 4. Nxd4 Nf6 5. Nc3 a6 6. Bg5 e6 7. Qe2 Be7 8. 0-0-0 Qc7 9. f4 Nbd7 10. g4 b5 11. a3 Rb8 12. Bg2 Bb7 13. Rhe1 0-0 14. Bxf6 Bxf6 15. g5 Bxd4 16. Rxd4 e5 17. Rd3 exf4 18. Rh3 Rfe8 19. Qg4 d5 20. Qh4 Nf8 21. Nxd5 Bxd5 22. exd5 Qc4 23. Kb1 f3 24. Rxe8 Rxe8 25. Bxf3 Qf1+ 26. Ka2 Re1 27. d6 a5 28. g6 a4 29. gxf7+ Kxf7 30. Bd5+ Ke8 31. Bc6+ Nd7 32. Qh5+ Kd8 33. Qh4+ Nf6 34. b3 Ra1+ 35. Kb2 Qc1+ 36. Kc3 axb3 0-1

[Event "Wiesbaden op 26th"]
[Site "Wiesbaden"]
[Date "2014.08.29"]
[Round "2"]
[White "Seickel, Ralf"]
[Black "Ley, Sabrina"]
[Result "1-0"]
[WhiteElo "2073"]
[BlackElo "1597"]
[PlyCount "81"]
[EventDate "2014.08.28"]
[EventType "swiss"]
[EventRounds "7"]
[EventCountry "GER"]
[SourceTitle "CBM 162 Extra"]
[Source "ChessBase"]
[SourceDate "2014.10.17"]
[SourceVersion "1"]
[SourceVersionDate "2014.10.17"]
[SourceQuality "1"]

1. e4 c5 2. Nf3 d6 3. d4 cxd4 4. Nxd4 Nf6 5. Nc3 a6 6. Bg5 Nbd7 7. Qe2 h6 8. Bh4 Qc7 9. 0-0-0 e6 10. f4 Be7 11. g4 g5 12. fxg5 hxg5 13. Bxg5 Ne5 14. Bxf6 Bxf6 15. Kb1 Bd7 16. Rg1 b5 17. g5 Rg8 18. Qe3 Be7 19. a3 Rb8 20. h4 b4 21. axb4 Rxb4 22. Na2 Rb6 23. Be2 Qb8 24. b3 a5 25. h5 a4 26. g6 fxg6 27. hxg6 axb3 28. cxb3 Ba4 29. Rg3 Kd7 30. Kc2 Bc6 31. Nc3 Rxg6 32. Rxg6 Nxg6 33. Bg4 Nf8 34. Qh3 Qc7 35. Bxe6+ Nxe6 36. Qxe6+ Kd8 37. Qc4 Qd7 38. Rg1 Qe8 39. Rg8 Bf8 40. Ne6+ Kd7 41. Nxf8+ 1-0